MDQL
is popping MORE tags! Check the
thread
!
Quizzes
Events
Quiz Creation
Community
Videos
Private Events
Remove Ads
Sign In
Join for FREE
Feedback
Dark Mode
Quiz Categories
Sports
Geography
Music
Movies
Television
Just For Fun
Miscellaneous
History
Literature
Language
Science
Gaming
Entertainment
Religion
Holiday
For Kids
Quiz Lab
Recent
Popular Today
Quiz Kudos Today
Editor Picks
Curator Picks
Quizzes by...
Day
Popularity
Type
Ratings
Length
Year
Community
Subscriptions
Recent Discussions
Orange Saloon
Badges
Playlists
Quests
Create
Leaderboards
Showdown
Live 5
Trivia Bingo
Activity
Puzzle Library
Sporcle Events
Private Events
Virtual Trivia
Globe League
Become a Host
Pub Owners
SporcleCon
Opinionation
Our Games
Videos
Blog
Mobile Apps
Partnerships
Remove Ads and Go Orange
Feedback
Sports
Athletes
MLB
NBA
NHL
NFL
Soccer
Sports Teams
WWE
NCAA
Football
Premier League
Basketball
Baseball
Hockey
Golf
Tennis
Cricket
Rugby
Auto Racing
Olympics
World Cup
Sports
Athletes
MLB
NBA
NHL
NFL
Soccer
Sports Teams
WWE
NCAA
Football
Premier League
Basketball
Baseball
Hockey
Golf
Tennis
Cricket
Rugby
Auto Racing
Olympics
World Cup
Random Quiz
Search Sporcle
×
Quiz Lab
Quiz Lab
Sports
seek
Type in answers that appear in a list
Type in answers that appear in a list
Classic
Best Score? Go Orange.
Seek the Lord from Zephaniah (NIV) Stats
Can you name the Seek the Lord from Zephaniah (NIV)?
By
Taxmanjs
60s
63 Questions
4 Plays
4 Plays
4 Plays
Comments
Comments
Give Quiz Kudos
Give Quiz Kudos
-
- Ratings
hide this ad
Replay
Link that replays current quiz
Next Quiz
Link to next quiz in quiz playlist
You Got
0%
They Got
Avg Score
35%
Avg Friend Score
Upgrade to see
Score Distribution
Jump to the score distribution portion of the page
Score
0/63
Timer
01:00
0
Plays Today
Hint
Answer
% Correct
the
100%
and
100%
the
100%
and
100%
the
100%
the
100%
the
100%
the
100%
Lord
75%
seek
75%
Lord
75%
Zechariah 2:3
Seek
75%
Zechariah 1:4
I
75%
in
75%
Lord
75%
you
75%
you
75%
Seek
75%
seek
75%
you
75%
who
50%
my
50%
who
50%
who
50%
be
50%
Zephaniah 1:6
those
25%
of
25%
him
25%
all
25%
will
25%
all
25%
of
25%
Hint
Answer
% Correct
do
25%
he
25%
will
25%
of
25%
turn
0%
back
0%
from
0%
following
0%
neither
0%
or
0%
inquire
0%
Jerusalem
0%
against
0%
Judah
0%
against
0%
out
0%
stretch
0%
hand
0%
live
0%
humble
0%
land
0%
what
0%
commands
0%
righteousness
0%
humility
0%
perhaps
0%
sheltered
0%
on
0%
day
0%
Lord's
0%
anger
0%
Quiz Playlist
Details
Report
Send in Message
Add To Playlist
Classic:
Type in answers that appear in a list
Last Updated: Sep 3, 2017
Quiz Scoreboard
CHALLENGE
Sign Up to Join the Scoreboard
Show All
Scores
Hide
Comments
May contain spoilers
Recently Published
Famous 'C' Women
by xyz_
Entertainment
6m
Holiday 10x10 Sorting Gallery
by lukepisani3
Holiday
15m
Two Season TV Shows II
by 123Four
Television
10m
More to Explore
Quiz From the Vault
Featured Blog Post
14 Easter Pick-up Lines to Find Eggs With
hide this ad
You Might Also Like...
Tags
lord
NIV
seek
Today's Top Quizzes in Sports
Browse Sports
hide this ad
Today's Top Quizzes in seek
Browse seek
Top Contributed Quizzes in Sports
1
Les meilleurs buteurs des matchs entre le PSG et l’OM
2
Les entraîneurs de l'OM et du PSG au 21e siècle
3
2022 World Cup Stars
4
Players with Multiple 50 Home Run Seasons
5
Les joueurs passés par le PSG et l'OM
6
FIFA Club World Cup Champions
7
Top 10 NHL Goal Scorers of All Time
8
Criteria MLB: Left Handed Sluggers
9
Les joueurs passés par le LOSC et le RC Lens
10
2023 MLB Unique Player Accomplishments
Explore More
Trending Topics
NBA
Disney
Anime
Kpop
Crossword
Marvel
Harry Potter
The Office
Soccer
Song
NFL
WWE
Pokémon
Puzzle
Country
hide this ad
More By:
Taxmanjs
Quiz
Plays
Rating
Category
Featured
Created
Multiple US Open (Golf) Winners
25,610
4.36
Sports
Apr 2, 2015
Championship MVPs During the 1980s
12,127
4.43
Sports
Jul 25, 2021
Rock Musicians names Bob, Robbie or Robert
1,944
3.63
Music
Mar 26, 2020
Renamed in the Bible
1,305
4.71
Religion
Dec 16, 2019
Active home run & hits leaders going into 2018
1,133
2.75
Sports
Feb 23, 2018
Go to Creator's Profile
Score Distribution
Quiz Creator Spotlight
Taxmanjs
Follow
Send a Message
Quizzes Created
-
Created Quiz Play Count
-
More By This Creator
Popular Quizzes Today
1
Find the US States - No Outlines Minefield
2
Colored Red Africa Blitz
3
Find the 'City' Movie
4
The Countries of the World
5
Find the US States
6
5x2 Blitz: Bands
7
Find the Countries of Europe - No Outlines Minefield
8
US States
More Sports Quizzes
NCAA Most Appearances per Bowl Game
Published
Trending Quizzes
Colored Red Europe Blitz I
Colored Red Europe Blitz II
Colored Red Africa Blitz II
Colored Red Africa Blitz III
Colored Red Europe Blitz III
Recently Updated
Odd Team Out - Big 4 Players
pecheneg
Quick Pick: 20 Twenties
pecheneg
March Madness Men's Triple Doubles
pecheneg
How Do You Spell That?
pecheneg
Godzilla Movies
pecheneg
Grab Bag: 4-10 Letters
pecheneg
2024 March Madness Bracket
pecheneg
Famous TV Couples
Peacemaker
Champions League XIs: Real Madrid
pecheneg
Largest US Cities 1790-2010
pecheneg
Trending Topics
Disney
Marvel
Harry Potter
NBA
Anime
Crossword
Kpop
Soccer
Country
WWE
Puzzle
Song
Pokémon
NFL
The Office
Your Account Isn't Verified!
In order to create a playlist on Sporcle, you need to verify the email address you used during registration. Go to your
Sporcle Settings
to finish the process.
Report this User
Report this user for behavior that violates our
Community Guidelines
.
Details:
Send Report
Go to the Sporcle.com Mobile Site →
Comments